000 00641nam a2200217Ia 4500
999 _c45180
_d45180
001 12003
003 GE_BSU
005 20221121121910.0
008 181216s1985en xx |||||||||||||| ||eng||
040 _cGE_BSU
041 _aeng
080 _a821.111-32 A-55
100 _aAndrews,Virginia
_915959
245 _aFlowers in the Attic /
_cVirginia Andrews
264 _aGreat Britain :
_bFontana paperbacks,
_c1985.
300 _a384 p;
_b18 cm.
653 _aFlowers in the Attic
653 _aყვავილები სხვენში
653 _aმხატვრული ლიტერატურა
942 _cBK
_2udc